FinTech with AI

Gardado en:
Detalles Bibliográficos
Autor Principal: Choi & Huang
Formato: Libro
Publicado: Springer
Subjects:
Tags: Engadir etiqueta
Sen Etiquetas, Sexa o primeiro en etiquetar este rexistro!

MARC

LEADER 00000nam a2200000Ia 4500
005 20260427112719.0
526 |b FinTech 
100 |a Choi & Huang 
020 |a 9789813361393 
650 |a AI FinTech 
526 |a Masters 
942 |c BK 
245 |a FinTech with AI 
260 |b Springer 
999 |c 102  |d 102 
952 |0 0  |1 0  |4 0  |7 0  |8 3  |a BRISTOL  |b BRISTOL  |d 2026-04-22  |l 0  |p 000097  |r 2026-04-27 11:27:20  |w 2026-04-27  |y BK